000 00962cam a22002653a 4500
001 6540
003 PGUSA
005 20140828084100.0
008 040901s2004||||xxu|||||s|||||000 | eng d
040 _aPGUSA
_beng
042 _adc
050 4 _aG
100 1 _aAmundsen, Roald,
_d1872-1928
245 1 4 _aThe South Pole; an account of the Norwegian Antarctic expedition in the "Fram," 1910-12 — Volume 1 and Volume 2
_h[electronic resource] /
_cRoald Amundsen
260 _bProject Gutenberg,
_c2004
506 _aCopyrighted. Read the copyright notice inside this book for details.
516 _aElectronic text
653 _aSouth Pole -- Discovery and exploration -- Norwegian
653 _aAmundsen, Roald, 1872-1928 -- Travel -- Antarctica
653 _aAntarctica -- Discovery and exploration -- Norwegian
740 0 _aSydpolen. English
830 0 _aProject Gutenberg
_v6540
856 4 0 _uhttp://www.gutenberg.org/ebooks/6540
942 _cAB
999 _c275351
_d275351